ब्रज लोक साहित्य और लोक संस्कृति / (Record no. 159851)

MARC details
000 -LEADER
fixed length control field 00737nam a22001817a 4500
005 - DATE AND TIME OF LATEST TRANSACTION
control field 20231229154007.0
010 ## - LCCN (DPL NO)
LC control number HIN-115486
020 ## - INTERNATIONAL STANDARD BOOK NUMBER
Terms of availability 450.00
International Standard Book Number 9789384579265
035 ## - SYSTEM CONTROL NUMBER
System control number HN-87832
037 ## - SOURCE OF ACQUISITION
Source of stock number/acquisition DBAD/PUB
082 ## - DEWEY DECIMAL CLASSIFICATION NUMBER
Classification number 201.1
100 ## - MAIN ENTRY--PERSONAL NAME
Personal name गौड़,रामशरण
245 ## - TITLE STATEMENT
Title ब्रज लोक साहित्य और लोक संस्कृति /
Statement of responsibility, etc रामशरण गौड़
260 ## - PUBLICATION, DISTRIBUTION, ETC. (IMPRINT)
Place of publication, distribution, etc दिल्ली
Name of publisher, distributor, etc अनिल प्रकाशन
Date of publication, distribution, etc 2016
270 ## - ADDRESS
City दिल्ली
Address 2619,न्यू मार्किट, नई सड़क,
Postal code 110006
300 ## - PHYSICAL DESCRIPTION
Extent 240पृ.;
Dimensions 22 सेमी (सजिल्द)
942 ## - ADDED ENTRY ELEMENTS (KOHA)
Source of classification or shelving scheme Dewey Decimal Classification
Item type Hindi Books
Classification part 201.1
Call number suffix गौड़रा
Holdings
Withdrawn status Lost status Not for loan Collection code Home library Current library Date acquired Source of acquisition Cost, normal purchase price Full call number Barcode Copy number Cost, replacement price Koha item type
      Non-fiction Ashok Vihar Ashok Vihar 08/01/2019 DBAD/PUB 450.00 201.1 गौड़रा HN-87832 1 450.00 Hindi Books

© Delhi Public Library
Hit Counter
free hit counter